<?xml version="1.0" encoding="UTF-8"?>
<record
    xmlns:xsi="http://www.w3.org/2001/XMLSchema-instance"
    xsi:schemaLocation="http://www.loc.gov/MARC21/slim http://www.loc.gov/standards/marcxml/schema/MARC21slim.xsd"
    xmlns="http://www.loc.gov/MARC21/slim">

  <leader>00970nam a2200301 u 4500</leader>
  <controlfield tag="001">1234972</controlfield>
  <controlfield tag="005">20260508070749.0</controlfield>
  <controlfield tag="008">110310s2010                        spa  </controlfield>
  <datafield tag="020" ind1=" " ind2=" ">
    <subfield code="a">9789587144062</subfield>
  </datafield>
  <datafield tag="035" ind1=" " ind2=" ">
    <subfield code="a">1234972</subfield>
  </datafield>
  <datafield tag="035" ind1=" " ind2=" ">
    <subfield code="a">(OCoLC)777064374</subfield>
  </datafield>
  <datafield tag="040" ind1=" " ind2=" ">
    <subfield code="c">comduadb</subfield>
  </datafield>
  <datafield tag="041" ind1=" " ind2=" ">
    <subfield code="a">spa</subfield>
  </datafield>
  <datafield tag="080" ind1=" " ind2=" ">
    <subfield code="a">A</subfield>
  </datafield>
  <datafield tag="082" ind1=" " ind2="4">
    <subfield code="a">621</subfield>
  </datafield>
  <datafield tag="100" ind1="1" ind2="0">
    <subfield code="a">Puetaman Ojeda, F&#xE9;lix Libardo</subfield>
    <subfield code="4">aut</subfield>
    <subfield code="e">aut</subfield>
    <subfield code="9">330960</subfield>
  </datafield>
  <datafield tag="245" ind1="1" ind2="0">
    <subfield code="a">Circuitos y electr&#xF3;nica I: gu&#xED;as de autoevaluaci&#xF3;n</subfield>
  </datafield>
  <datafield tag="260" ind1=" " ind2=" ">
    <subfield code="a">Medell&#xED;n :</subfield>
    <subfield code="b">Editorial Universidad de Antioquia,</subfield>
    <subfield code="c">2010.</subfield>
  </datafield>
  <datafield tag="300" ind1=" " ind2=" ">
    <subfield code="a">168 p&#xE1;ginas :</subfield>
    <subfield code="b">ilustraciones +</subfield>
    <subfield code="e">1 disco compacto</subfield>
  </datafield>
  <datafield tag="490" ind1="0" ind2=" ">
    <subfield code="a">Ude@ Educaci&#xF3;n a Distancia</subfield>
  </datafield>
  <datafield tag="505" ind1="8" ind2="0">
    <subfield code="t">Circuitos el&#xE9;ctricos y electr&#xF3;nica I</subfield>
  </datafield>
  <datafield tag="650" ind1=" " ind2=" ">
    <subfield code="a">An&#xE1;lisis de circuitos</subfield>
    <subfield code="9">73221</subfield>
  </datafield>
  <datafield tag="650" ind1=" " ind2=" ">
    <subfield code="a">Circuitos el&#xE9;ctricos</subfield>
    <subfield code="9">43529</subfield>
  </datafield>
  <datafield tag="650" ind1=" " ind2=" ">
    <subfield code="a">Circuitos electr&#xF3;nicos</subfield>
    <subfield code="9">1722</subfield>
  </datafield>
  <datafield tag="650" ind1=" " ind2=" ">
    <subfield code="a">Electr&#xF3;nica</subfield>
    <subfield code="9">32540</subfield>
  </datafield>
  <datafield tag="856" ind1="4" ind2=" ">
    <subfield code="u">http://bibliotecadigital.udea.edu.co/handle/10495/1595</subfield>
  </datafield>
  <datafield tag="942" ind1=" " ind2=" ">
    <subfield code="c">BOOK</subfield>
  </datafield>
  <datafield tag="999" ind1=" " ind2=" ">
    <subfield code="c">578961</subfield>
    <subfield code="d">578961</subfield>
  </datafield>
  <datafield tag="952" ind1=" " ind2=" ">
    <subfield code="0">0</subfield>
    <subfield code="1">0</subfield>
    <subfield code="4">0</subfield>
    <subfield code="7">0</subfield>
    <subfield code="8">GENERAL</subfield>
    <subfield code="a">SCDM</subfield>
    <subfield code="b">SCDM</subfield>
    <subfield code="d">2013-05-06</subfield>
    <subfield code="e">Material adquirido por donaci&#xF3;n</subfield>
    <subfield code="i">C1174002</subfield>
    <subfield code="l">0</subfield>
    <subfield code="o">621.3192 P977c</subfield>
    <subfield code="p">89522</subfield>
    <subfield code="r">2023-05-01 00:00:00</subfield>
    <subfield code="t">1</subfield>
    <subfield code="w">2023-05-01</subfield>
    <subfield code="y">BOOKI</subfield>
  </datafield>
  <datafield tag="952" ind1=" " ind2=" ">
    <subfield code="0">0</subfield>
    <subfield code="1">0</subfield>
    <subfield code="4">0</subfield>
    <subfield code="7">0</subfield>
    <subfield code="8">GENERAL</subfield>
    <subfield code="a">BSEGO</subfield>
    <subfield code="b">BSEGO</subfield>
    <subfield code="d">2014-01-20</subfield>
    <subfield code="e">Material adquirido por donaci&#xF3;n</subfield>
    <subfield code="i">C1194815</subfield>
    <subfield code="l">0</subfield>
    <subfield code="o">621.3192 P977c</subfield>
    <subfield code="p">0978025</subfield>
    <subfield code="r">2023-05-01 00:00:00</subfield>
    <subfield code="t">2</subfield>
    <subfield code="w">2023-05-01</subfield>
    <subfield code="y">BOOKR</subfield>
  </datafield>
  <datafield tag="952" ind1=" " ind2=" ">
    <subfield code="0">0</subfield>
    <subfield code="1">0</subfield>
    <subfield code="4">0</subfield>
    <subfield code="7">0</subfield>
    <subfield code="8">GEN</subfield>
    <subfield code="a">BC</subfield>
    <subfield code="b">BC</subfield>
    <subfield code="d">2011-03-10</subfield>
    <subfield code="e">Material adquirido por donaci&#xF3;n</subfield>
    <subfield code="i">C1111586</subfield>
    <subfield code="l">0</subfield>
    <subfield code="o">621.3192 P977c</subfield>
    <subfield code="p">0763233</subfield>
    <subfield code="r">2026-02-04 18:27:31</subfield>
    <subfield code="t">3</subfield>
    <subfield code="w">2023-05-01</subfield>
    <subfield code="y">BOOK</subfield>
  </datafield>
  <datafield tag="952" ind1=" " ind2=" ">
    <subfield code="0">0</subfield>
    <subfield code="1">0</subfield>
    <subfield code="4">0</subfield>
    <subfield code="7">0</subfield>
    <subfield code="8">GENERAL</subfield>
    <subfield code="a">BSEGO</subfield>
    <subfield code="b">BSEGO</subfield>
    <subfield code="d">2014-01-20</subfield>
    <subfield code="e">Material adquirido por donaci&#xF3;n</subfield>
    <subfield code="i">C1194817</subfield>
    <subfield code="l">0</subfield>
    <subfield code="o">621.3192 P977c e2</subfield>
    <subfield code="p">0978028</subfield>
    <subfield code="r">2023-05-01 00:00:00</subfield>
    <subfield code="t">4</subfield>
    <subfield code="w">2023-05-01</subfield>
    <subfield code="y">BOOK</subfield>
  </datafield>
  <datafield tag="952" ind1=" " ind2=" ">
    <subfield code="0">0</subfield>
    <subfield code="1">0</subfield>
    <subfield code="4">0</subfield>
    <subfield code="7">0</subfield>
    <subfield code="8">GEN</subfield>
    <subfield code="a">BC</subfield>
    <subfield code="b">BC</subfield>
    <subfield code="d">2011-03-10</subfield>
    <subfield code="e">Material adquirido por donaci&#xF3;n</subfield>
    <subfield code="i">C1111584</subfield>
    <subfield code="l">0</subfield>
    <subfield code="o">621.3192 P977c e2</subfield>
    <subfield code="p">0763196</subfield>
    <subfield code="r">2023-05-01 00:00:00</subfield>
    <subfield code="t">5</subfield>
    <subfield code="w">2023-05-01</subfield>
    <subfield code="y">BOOK</subfield>
  </datafield>
  <datafield tag="952" ind1=" " ind2=" ">
    <subfield code="0">0</subfield>
    <subfield code="1">0</subfield>
    <subfield code="4">0</subfield>
    <subfield code="7">0</subfield>
    <subfield code="8">GENERAL</subfield>
    <subfield code="a">BNORD</subfield>
    <subfield code="b">BNORD</subfield>
    <subfield code="d">2014-01-20</subfield>
    <subfield code="e">Material adquirido por donaci&#xF3;n</subfield>
    <subfield code="i">C1194818</subfield>
    <subfield code="l">0</subfield>
    <subfield code="o">621.3192 P977c</subfield>
    <subfield code="p">0976260</subfield>
    <subfield code="r">2023-05-01 00:00:00</subfield>
    <subfield code="t">6</subfield>
    <subfield code="w">2023-05-01</subfield>
    <subfield code="y">BOOKR</subfield>
  </datafield>
  <datafield tag="952" ind1=" " ind2=" ">
    <subfield code="0">0</subfield>
    <subfield code="1">0</subfield>
    <subfield code="4">0</subfield>
    <subfield code="7">0</subfield>
    <subfield code="8">GENERAL</subfield>
    <subfield code="a">SCDM</subfield>
    <subfield code="b">SCDM</subfield>
    <subfield code="d">2013-05-06</subfield>
    <subfield code="e">Material adquirido por donaci&#xF3;n</subfield>
    <subfield code="i">C1174004</subfield>
    <subfield code="l">0</subfield>
    <subfield code="o">621.3192 P977c e2</subfield>
    <subfield code="p">89520</subfield>
    <subfield code="r">2023-05-01 00:00:00</subfield>
    <subfield code="t">7</subfield>
    <subfield code="w">2023-05-01</subfield>
    <subfield code="y">BOOKR</subfield>
  </datafield>
  <datafield tag="952" ind1=" " ind2=" ">
    <subfield code="0">0</subfield>
    <subfield code="1">0</subfield>
    <subfield code="4">0</subfield>
    <subfield code="7">0</subfield>
    <subfield code="8">GENERAL</subfield>
    <subfield code="a">BNORD</subfield>
    <subfield code="b">BNORD</subfield>
    <subfield code="d">2014-01-20</subfield>
    <subfield code="e">Material adquirido por donaci&#xF3;n</subfield>
    <subfield code="i">C1194819</subfield>
    <subfield code="l">0</subfield>
    <subfield code="o">621.3192 P977c e2</subfield>
    <subfield code="p">0976281</subfield>
    <subfield code="r">2023-05-01 00:00:00</subfield>
    <subfield code="t">8</subfield>
    <subfield code="w">2023-05-01</subfield>
    <subfield code="y">BOOK</subfield>
  </datafield>
  <datafield tag="952" ind1=" " ind2=" ">
    <subfield code="0">0</subfield>
    <subfield code="1">0</subfield>
    <subfield code="4">0</subfield>
    <subfield code="7">0</subfield>
    <subfield code="8">GENERAL</subfield>
    <subfield code="a">BNORD</subfield>
    <subfield code="b">BNORD</subfield>
    <subfield code="d">2014-01-20</subfield>
    <subfield code="e">Material adquirido por donaci&#xF3;n</subfield>
    <subfield code="i">C1194820</subfield>
    <subfield code="l">0</subfield>
    <subfield code="o">621.3192 P977c e3</subfield>
    <subfield code="p">0976282</subfield>
    <subfield code="r">2023-05-01 00:00:00</subfield>
    <subfield code="t">9</subfield>
    <subfield code="w">2023-05-01</subfield>
    <subfield code="y">BOOK</subfield>
  </datafield>
  <datafield tag="952" ind1=" " ind2=" ">
    <subfield code="0">0</subfield>
    <subfield code="1">0</subfield>
    <subfield code="4">0</subfield>
    <subfield code="7">0</subfield>
    <subfield code="8">GEN</subfield>
    <subfield code="a">BC</subfield>
    <subfield code="b">BC</subfield>
    <subfield code="d">2011-03-10</subfield>
    <subfield code="e">Material adquirido por donaci&#xF3;n</subfield>
    <subfield code="i">C1111587</subfield>
    <subfield code="l">0</subfield>
    <subfield code="o">621.3192 P977c e3</subfield>
    <subfield code="p">0763197</subfield>
    <subfield code="r">2023-05-01 00:00:00</subfield>
    <subfield code="t">10</subfield>
    <subfield code="w">2023-05-01</subfield>
    <subfield code="y">BOOK</subfield>
  </datafield>
  <datafield tag="952" ind1=" " ind2=" ">
    <subfield code="0">0</subfield>
    <subfield code="1">0</subfield>
    <subfield code="4">0</subfield>
    <subfield code="7">0</subfield>
    <subfield code="8">GENERAL</subfield>
    <subfield code="a">SCDM</subfield>
    <subfield code="b">SCDM</subfield>
    <subfield code="d">2013-05-06</subfield>
    <subfield code="e">Material adquirido por donaci&#xF3;n</subfield>
    <subfield code="i">C1174005</subfield>
    <subfield code="l">0</subfield>
    <subfield code="o">621.3192 P977c e3</subfield>
    <subfield code="p">89521</subfield>
    <subfield code="r">2023-05-01 00:00:00</subfield>
    <subfield code="t">11</subfield>
    <subfield code="w">2023-05-01</subfield>
    <subfield code="y">BOOK</subfield>
  </datafield>
  <datafield tag="952" ind1=" " ind2=" ">
    <subfield code="0">0</subfield>
    <subfield code="1">0</subfield>
    <subfield code="4">0</subfield>
    <subfield code="7">0</subfield>
    <subfield code="8">GENERAL</subfield>
    <subfield code="a">CAREP</subfield>
    <subfield code="b">CAREP</subfield>
    <subfield code="d">2013-05-06</subfield>
    <subfield code="e">Material adquirido por donaci&#xF3;n</subfield>
    <subfield code="i">C1174008</subfield>
    <subfield code="l">0</subfield>
    <subfield code="o">621.3192 P977c e4</subfield>
    <subfield code="p">89523</subfield>
    <subfield code="r">2023-05-01 00:00:00</subfield>
    <subfield code="t">12</subfield>
    <subfield code="w">2023-05-01</subfield>
    <subfield code="y">BOOK</subfield>
  </datafield>
  <datafield tag="952" ind1=" " ind2=" ">
    <subfield code="0">0</subfield>
    <subfield code="1">0</subfield>
    <subfield code="4">0</subfield>
    <subfield code="7">0</subfield>
    <subfield code="8">GENERAL</subfield>
    <subfield code="a">CENDI</subfield>
    <subfield code="b">CENDI</subfield>
    <subfield code="d">2012-03-14</subfield>
    <subfield code="e">Material adquirido por donaci&#xF3;n</subfield>
    <subfield code="i">C1139575</subfield>
    <subfield code="l">0</subfield>
    <subfield code="o">A 00573</subfield>
    <subfield code="p">787263</subfield>
    <subfield code="r">2025-01-29 00:00:00</subfield>
    <subfield code="t">13</subfield>
    <subfield code="w">2023-05-01</subfield>
    <subfield code="y">BOOK</subfield>
  </datafield>
  <datafield tag="952" ind1=" " ind2=" ">
    <subfield code="0">0</subfield>
    <subfield code="1">0</subfield>
    <subfield code="2">ddc</subfield>
    <subfield code="4">0</subfield>
    <subfield code="7">0</subfield>
    <subfield code="8">GENERAL</subfield>
    <subfield code="a">CARME</subfield>
    <subfield code="b">CARME</subfield>
    <subfield code="d">2012-09-19</subfield>
    <subfield code="e">Material adquirido por donaci&#xF3;n</subfield>
    <subfield code="f">DONA</subfield>
    <subfield code="g">10000.00</subfield>
    <subfield code="i">C1156824</subfield>
    <subfield code="l">0</subfield>
    <subfield code="o">621.3192 P977c</subfield>
    <subfield code="p">86826</subfield>
    <subfield code="r">2023-05-01 00:00:00</subfield>
    <subfield code="t">14</subfield>
    <subfield code="w">2023-05-01</subfield>
    <subfield code="y">BOOK</subfield>
  </datafield>
  <datafield tag="952" ind1=" " ind2=" ">
    <subfield code="0">0</subfield>
    <subfield code="1">0</subfield>
    <subfield code="4">0</subfield>
    <subfield code="7">0</subfield>
    <subfield code="8">GENERAL</subfield>
    <subfield code="a">CAREP</subfield>
    <subfield code="b">CAREP</subfield>
    <subfield code="d">2013-05-06</subfield>
    <subfield code="e">Material adquirido por donaci&#xF3;n</subfield>
    <subfield code="i">C1174010</subfield>
    <subfield code="l">0</subfield>
    <subfield code="o">621.3192 P977c e5</subfield>
    <subfield code="p">89525</subfield>
    <subfield code="r">2023-05-01 00:00:00</subfield>
    <subfield code="t">15</subfield>
    <subfield code="w">2023-05-01</subfield>
    <subfield code="y">BOOK</subfield>
  </datafield>
  <datafield tag="952" ind1=" " ind2=" ">
    <subfield code="0">0</subfield>
    <subfield code="1">0</subfield>
    <subfield code="4">0</subfield>
    <subfield code="7">0</subfield>
    <subfield code="8">GENERAL</subfield>
    <subfield code="a">BYARU</subfield>
    <subfield code="b">BYARU</subfield>
    <subfield code="d">2013-05-06</subfield>
    <subfield code="e">Material adquirido por donaci&#xF3;n</subfield>
    <subfield code="i">C1174012</subfield>
    <subfield code="l">0</subfield>
    <subfield code="o">621.3192/P977c</subfield>
    <subfield code="p">0972357</subfield>
    <subfield code="r">2023-05-01 00:00:00</subfield>
    <subfield code="t">16</subfield>
    <subfield code="w">2023-05-01</subfield>
    <subfield code="y">BOOK</subfield>
  </datafield>
  <datafield tag="952" ind1=" " ind2=" ">
    <subfield code="0">0</subfield>
    <subfield code="1">0</subfield>
    <subfield code="2">ddc</subfield>
    <subfield code="4">0</subfield>
    <subfield code="7">0</subfield>
    <subfield code="8">GENERAL</subfield>
    <subfield code="a">CARME</subfield>
    <subfield code="b">CARME</subfield>
    <subfield code="d">2012-09-19</subfield>
    <subfield code="e">Material adquirido por donaci&#xF3;n</subfield>
    <subfield code="f">DONA</subfield>
    <subfield code="g">10000.00</subfield>
    <subfield code="i">C1156825</subfield>
    <subfield code="l">0</subfield>
    <subfield code="o">621.3192 P977c e2</subfield>
    <subfield code="p">86827</subfield>
    <subfield code="r">2023-05-01 00:00:00</subfield>
    <subfield code="t">17</subfield>
    <subfield code="w">2023-05-01</subfield>
    <subfield code="y">BOOK</subfield>
  </datafield>
  <datafield tag="952" ind1=" " ind2=" ">
    <subfield code="0">0</subfield>
    <subfield code="1">0</subfield>
    <subfield code="2">ddc</subfield>
    <subfield code="4">0</subfield>
    <subfield code="7">0</subfield>
    <subfield code="8">GENERAL</subfield>
    <subfield code="a">CARME</subfield>
    <subfield code="b">CARME</subfield>
    <subfield code="d">2012-09-19</subfield>
    <subfield code="e">Material adquirido por donaci&#xF3;n</subfield>
    <subfield code="f">DONA</subfield>
    <subfield code="g">10000.00</subfield>
    <subfield code="i">C1156826</subfield>
    <subfield code="l">0</subfield>
    <subfield code="o">621.3192 P977c e3</subfield>
    <subfield code="p">86828</subfield>
    <subfield code="r">2024-09-04 00:00:00</subfield>
    <subfield code="t">18</subfield>
    <subfield code="w">2023-05-01</subfield>
    <subfield code="y">BOOK</subfield>
  </datafield>
  <datafield tag="952" ind1=" " ind2=" ">
    <subfield code="0">0</subfield>
    <subfield code="1">0</subfield>
    <subfield code="4">0</subfield>
    <subfield code="7">0</subfield>
    <subfield code="8">GENERAL</subfield>
    <subfield code="a">BYARU</subfield>
    <subfield code="b">BYARU</subfield>
    <subfield code="d">2013-05-06</subfield>
    <subfield code="e">Material adquirido por donaci&#xF3;n</subfield>
    <subfield code="i">C1174016</subfield>
    <subfield code="l">0</subfield>
    <subfield code="o">621.3192/P977c e2</subfield>
    <subfield code="p">0972355</subfield>
    <subfield code="r">2023-05-01 00:00:00</subfield>
    <subfield code="t">19</subfield>
    <subfield code="w">2023-05-01</subfield>
    <subfield code="y">BOOK</subfield>
  </datafield>
  <datafield tag="952" ind1=" " ind2=" ">
    <subfield code="0">0</subfield>
    <subfield code="1">0</subfield>
    <subfield code="4">0</subfield>
    <subfield code="7">0</subfield>
    <subfield code="8">GENERAL</subfield>
    <subfield code="a">BYARU</subfield>
    <subfield code="b">BYARU</subfield>
    <subfield code="d">2013-05-06</subfield>
    <subfield code="e">Material adquirido por donaci&#xF3;n</subfield>
    <subfield code="i">C1174017</subfield>
    <subfield code="l">0</subfield>
    <subfield code="o">621.3192/P977c e3</subfield>
    <subfield code="p">0972356</subfield>
    <subfield code="r">2023-05-01 00:00:00</subfield>
    <subfield code="t">20</subfield>
    <subfield code="w">2023-05-01</subfield>
    <subfield code="y">BOOK</subfield>
  </datafield>
  <datafield tag="952" ind1=" " ind2=" ">
    <subfield code="0">0</subfield>
    <subfield code="1">0</subfield>
    <subfield code="4">0</subfield>
    <subfield code="7">0</subfield>
    <subfield code="8">GENERAL</subfield>
    <subfield code="a">BSONS</subfield>
    <subfield code="b">BSONS</subfield>
    <subfield code="d">2013-05-06</subfield>
    <subfield code="e">Material adquirido por donaci&#xF3;n</subfield>
    <subfield code="i">C1174019</subfield>
    <subfield code="l">0</subfield>
    <subfield code="o">621.3192 P977c</subfield>
    <subfield code="p">0973648</subfield>
    <subfield code="r">2023-05-01 00:00:00</subfield>
    <subfield code="t">21</subfield>
    <subfield code="w">2023-05-01</subfield>
    <subfield code="y">BOOK</subfield>
  </datafield>
  <datafield tag="952" ind1=" " ind2=" ">
    <subfield code="0">0</subfield>
    <subfield code="1">0</subfield>
    <subfield code="4">0</subfield>
    <subfield code="7">0</subfield>
    <subfield code="8">GENERAL</subfield>
    <subfield code="a">BSONS</subfield>
    <subfield code="b">BSONS</subfield>
    <subfield code="d">2013-05-06</subfield>
    <subfield code="e">Material adquirido por donaci&#xF3;n</subfield>
    <subfield code="i">C1174020</subfield>
    <subfield code="l">0</subfield>
    <subfield code="o">621.3192 P977c e2</subfield>
    <subfield code="p">0973647</subfield>
    <subfield code="r">2023-05-01 00:00:00</subfield>
    <subfield code="t">22</subfield>
    <subfield code="w">2023-05-01</subfield>
    <subfield code="y">BOOK</subfield>
  </datafield>
  <datafield tag="952" ind1=" " ind2=" ">
    <subfield code="0">0</subfield>
    <subfield code="1">0</subfield>
    <subfield code="4">0</subfield>
    <subfield code="7">0</subfield>
    <subfield code="8">GENERAL</subfield>
    <subfield code="a">BSONS</subfield>
    <subfield code="b">BSONS</subfield>
    <subfield code="d">2013-05-06</subfield>
    <subfield code="e">Material adquirido por donaci&#xF3;n</subfield>
    <subfield code="i">C1174021</subfield>
    <subfield code="l">0</subfield>
    <subfield code="o">621.3192 P977c e3</subfield>
    <subfield code="p">0973646</subfield>
    <subfield code="r">2023-05-01 00:00:00</subfield>
    <subfield code="t">23</subfield>
    <subfield code="w">2023-05-01</subfield>
    <subfield code="y">BOOK</subfield>
  </datafield>
  <datafield tag="952" ind1=" " ind2=" ">
    <subfield code="0">0</subfield>
    <subfield code="1">0</subfield>
    <subfield code="4">0</subfield>
    <subfield code="7">0</subfield>
    <subfield code="8">GENERAL</subfield>
    <subfield code="a">CENDI</subfield>
    <subfield code="b">CENDI</subfield>
    <subfield code="d">2013-05-10</subfield>
    <subfield code="i">C1174775</subfield>
    <subfield code="l">0</subfield>
    <subfield code="o">A 00573 e6</subfield>
    <subfield code="p">789090</subfield>
    <subfield code="r">2025-01-29 00:00:00</subfield>
    <subfield code="t">24</subfield>
    <subfield code="w">2023-05-01</subfield>
    <subfield code="y">BOOK</subfield>
  </datafield>
  <datafield tag="952" ind1=" " ind2=" ">
    <subfield code="0">0</subfield>
    <subfield code="1">0</subfield>
    <subfield code="4">0</subfield>
    <subfield code="7">0</subfield>
    <subfield code="8">GENERAL</subfield>
    <subfield code="a">CENDI</subfield>
    <subfield code="b">CENDI</subfield>
    <subfield code="d">2013-05-10</subfield>
    <subfield code="i">C1174777</subfield>
    <subfield code="l">0</subfield>
    <subfield code="o">A 00573 e5</subfield>
    <subfield code="p">789104</subfield>
    <subfield code="r">2025-01-29 00:00:00</subfield>
    <subfield code="t">25</subfield>
    <subfield code="w">2023-05-01</subfield>
    <subfield code="y">BOOK</subfield>
  </datafield>
  <datafield tag="952" ind1=" " ind2=" ">
    <subfield code="0">0</subfield>
    <subfield code="1">0</subfield>
    <subfield code="4">0</subfield>
    <subfield code="7">0</subfield>
    <subfield code="8">GENERAL</subfield>
    <subfield code="a">CENDI</subfield>
    <subfield code="b">CENDI</subfield>
    <subfield code="d">2013-05-10</subfield>
    <subfield code="i">C1174780</subfield>
    <subfield code="l">0</subfield>
    <subfield code="o">A 00573 e4</subfield>
    <subfield code="p">789103</subfield>
    <subfield code="r">2025-01-29 00:00:00</subfield>
    <subfield code="t">26</subfield>
    <subfield code="w">2023-05-01</subfield>
    <subfield code="y">BOOK</subfield>
  </datafield>
  <datafield tag="952" ind1=" " ind2=" ">
    <subfield code="0">0</subfield>
    <subfield code="1">0</subfield>
    <subfield code="4">0</subfield>
    <subfield code="7">0</subfield>
    <subfield code="8">GENERAL</subfield>
    <subfield code="a">CENDI</subfield>
    <subfield code="b">CENDI</subfield>
    <subfield code="d">2013-05-10</subfield>
    <subfield code="i">C1174781</subfield>
    <subfield code="l">0</subfield>
    <subfield code="o">A 00573 e3</subfield>
    <subfield code="p">789102</subfield>
    <subfield code="r">2025-01-29 00:00:00</subfield>
    <subfield code="t">27</subfield>
    <subfield code="w">2023-05-01</subfield>
    <subfield code="y">BOOK</subfield>
  </datafield>
  <datafield tag="952" ind1=" " ind2=" ">
    <subfield code="0">0</subfield>
    <subfield code="1">0</subfield>
    <subfield code="4">0</subfield>
    <subfield code="7">0</subfield>
    <subfield code="8">GENERAL</subfield>
    <subfield code="a">CENDI</subfield>
    <subfield code="b">CENDI</subfield>
    <subfield code="d">2013-05-10</subfield>
    <subfield code="i">C1174782</subfield>
    <subfield code="l">0</subfield>
    <subfield code="o">A 00573 e2</subfield>
    <subfield code="p">789088</subfield>
    <subfield code="r">2025-01-29 00:00:00</subfield>
    <subfield code="t">28</subfield>
    <subfield code="w">2023-05-01</subfield>
    <subfield code="y">BOOK</subfield>
  </datafield>
  <datafield tag="952" ind1=" " ind2=" ">
    <subfield code="0">0</subfield>
    <subfield code="1">0</subfield>
    <subfield code="4">0</subfield>
    <subfield code="7">0</subfield>
    <subfield code="8">GENERAL</subfield>
    <subfield code="a">BOCCI</subfield>
    <subfield code="b">BOCCI</subfield>
    <subfield code="d">2013-05-17</subfield>
    <subfield code="e">Material adquirido por donaci&#xF3;n</subfield>
    <subfield code="i">C1175796</subfield>
    <subfield code="l">0</subfield>
    <subfield code="o">621.3192 P977c</subfield>
    <subfield code="p">0972597</subfield>
    <subfield code="r">2023-05-01 00:00:00</subfield>
    <subfield code="t">29</subfield>
    <subfield code="w">2023-05-01</subfield>
    <subfield code="y">BOOK</subfield>
  </datafield>
  <datafield tag="952" ind1=" " ind2=" ">
    <subfield code="0">0</subfield>
    <subfield code="1">0</subfield>
    <subfield code="4">0</subfield>
    <subfield code="7">0</subfield>
    <subfield code="8">GENERAL</subfield>
    <subfield code="a">BOCCI</subfield>
    <subfield code="b">BOCCI</subfield>
    <subfield code="d">2013-05-17</subfield>
    <subfield code="e">Material adquirido por donaci&#xF3;n</subfield>
    <subfield code="i">C1175798</subfield>
    <subfield code="l">0</subfield>
    <subfield code="o">621.3192 P977c e2</subfield>
    <subfield code="p">0972599</subfield>
    <subfield code="r">2023-05-01 00:00:00</subfield>
    <subfield code="t">30</subfield>
    <subfield code="w">2023-05-01</subfield>
    <subfield code="y">BOOK</subfield>
  </datafield>
  <datafield tag="952" ind1=" " ind2=" ">
    <subfield code="0">0</subfield>
    <subfield code="1">0</subfield>
    <subfield code="4">0</subfield>
    <subfield code="7">0</subfield>
    <subfield code="8">GENERAL</subfield>
    <subfield code="a">BOCCI</subfield>
    <subfield code="b">BOCCI</subfield>
    <subfield code="d">2013-05-17</subfield>
    <subfield code="e">Material adquirido por donaci&#xF3;n</subfield>
    <subfield code="i">C1175800</subfield>
    <subfield code="l">0</subfield>
    <subfield code="o">621.3192 P977c e3</subfield>
    <subfield code="p">0972598</subfield>
    <subfield code="r">2023-05-01 00:00:00</subfield>
    <subfield code="t">31</subfield>
    <subfield code="w">2023-05-01</subfield>
    <subfield code="y">BOOK</subfield>
  </datafield>
  <datafield tag="952" ind1=" " ind2=" ">
    <subfield code="0">0</subfield>
    <subfield code="1">0</subfield>
    <subfield code="4">0</subfield>
    <subfield code="7">0</subfield>
    <subfield code="8">GENERAL</subfield>
    <subfield code="a">ANDES</subfield>
    <subfield code="b">ANDES</subfield>
    <subfield code="d">2013-09-08</subfield>
    <subfield code="i">C1186018</subfield>
    <subfield code="l">0</subfield>
    <subfield code="o">621.3192 P977c e1</subfield>
    <subfield code="p">85223</subfield>
    <subfield code="r">2023-05-01 00:00:00</subfield>
    <subfield code="t">34</subfield>
    <subfield code="w">2023-05-01</subfield>
    <subfield code="y">BOOK</subfield>
  </datafield>
  <datafield tag="952" ind1=" " ind2=" ">
    <subfield code="0">0</subfield>
    <subfield code="1">0</subfield>
    <subfield code="4">0</subfield>
    <subfield code="7">0</subfield>
    <subfield code="8">GENERAL</subfield>
    <subfield code="a">ANDES</subfield>
    <subfield code="b">ANDES</subfield>
    <subfield code="d">2013-09-08</subfield>
    <subfield code="i">C1186019</subfield>
    <subfield code="l">0</subfield>
    <subfield code="o">621.3192 P977c e2</subfield>
    <subfield code="p">85224</subfield>
    <subfield code="r">2023-05-01 00:00:00</subfield>
    <subfield code="t">35</subfield>
    <subfield code="w">2023-05-01</subfield>
    <subfield code="y">BOOK</subfield>
  </datafield>
  <datafield tag="952" ind1=" " ind2=" ">
    <subfield code="0">0</subfield>
    <subfield code="1">0</subfield>
    <subfield code="4">0</subfield>
    <subfield code="7">0</subfield>
    <subfield code="8">GENERAL</subfield>
    <subfield code="a">ANDES</subfield>
    <subfield code="b">ANDES</subfield>
    <subfield code="d">2013-09-08</subfield>
    <subfield code="i">C1186020</subfield>
    <subfield code="l">0</subfield>
    <subfield code="o">621.3192 P977c e3</subfield>
    <subfield code="p">85225</subfield>
    <subfield code="r">2023-05-01 00:00:00</subfield>
    <subfield code="t">36</subfield>
    <subfield code="w">2023-05-01</subfield>
    <subfield code="y">BOOK</subfield>
  </datafield>
  <datafield tag="952" ind1=" " ind2=" ">
    <subfield code="0">0</subfield>
    <subfield code="1">0</subfield>
    <subfield code="4">0</subfield>
    <subfield code="7">0</subfield>
    <subfield code="8">GENERAL</subfield>
    <subfield code="a">ANDES</subfield>
    <subfield code="b">ANDES</subfield>
    <subfield code="d">2013-09-08</subfield>
    <subfield code="i">C1186021</subfield>
    <subfield code="l">0</subfield>
    <subfield code="o">621.3192 P977c e4</subfield>
    <subfield code="p">85226</subfield>
    <subfield code="r">2023-05-01 00:00:00</subfield>
    <subfield code="t">37</subfield>
    <subfield code="w">2023-05-01</subfield>
    <subfield code="y">BOOK</subfield>
  </datafield>
  <datafield tag="952" ind1=" " ind2=" ">
    <subfield code="0">0</subfield>
    <subfield code="1">0</subfield>
    <subfield code="4">0</subfield>
    <subfield code="7">0</subfield>
    <subfield code="8">GENERAL</subfield>
    <subfield code="a">ANDES</subfield>
    <subfield code="b">ANDES</subfield>
    <subfield code="d">2013-09-08</subfield>
    <subfield code="i">C1186022</subfield>
    <subfield code="l">0</subfield>
    <subfield code="o">621.3192 P977c e5</subfield>
    <subfield code="p">85227</subfield>
    <subfield code="r">2023-05-01 00:00:00</subfield>
    <subfield code="t">38</subfield>
    <subfield code="w">2023-05-01</subfield>
    <subfield code="y">BOOK</subfield>
  </datafield>
  <datafield tag="952" ind1=" " ind2=" ">
    <subfield code="0">0</subfield>
    <subfield code="1">0</subfield>
    <subfield code="4">0</subfield>
    <subfield code="7">0</subfield>
    <subfield code="8">GENERAL</subfield>
    <subfield code="a">CAUCA</subfield>
    <subfield code="b">CAUCA</subfield>
    <subfield code="d">2017-09-28</subfield>
    <subfield code="e">Material adquirido por donaci&#xF3;n</subfield>
    <subfield code="i">C1269437</subfield>
    <subfield code="l">0</subfield>
    <subfield code="o">621.3192 P977c</subfield>
    <subfield code="p">1015240</subfield>
    <subfield code="r">2023-05-01 00:00:00</subfield>
    <subfield code="t">39</subfield>
    <subfield code="w">2023-05-01</subfield>
    <subfield code="y">BOOK</subfield>
  </datafield>
  <datafield tag="952" ind1=" " ind2=" ">
    <subfield code="0">0</subfield>
    <subfield code="1">0</subfield>
    <subfield code="4">0</subfield>
    <subfield code="7">0</subfield>
    <subfield code="8">GENERAL</subfield>
    <subfield code="a">CAUCA</subfield>
    <subfield code="b">CAUCA</subfield>
    <subfield code="d">2017-09-28</subfield>
    <subfield code="e">Material adquirido por donaci&#xF3;n</subfield>
    <subfield code="i">C1269438</subfield>
    <subfield code="l">0</subfield>
    <subfield code="o">621.3192 P977c e2</subfield>
    <subfield code="p">1015243</subfield>
    <subfield code="r">2023-05-01 00:00:00</subfield>
    <subfield code="t">40</subfield>
    <subfield code="w">2023-05-01</subfield>
    <subfield code="y">BOOK</subfield>
  </datafield>
  <datafield tag="952" ind1=" " ind2=" ">
    <subfield code="0">0</subfield>
    <subfield code="1">0</subfield>
    <subfield code="4">0</subfield>
    <subfield code="7">0</subfield>
    <subfield code="8">RESERVA</subfield>
    <subfield code="a">CAUCA</subfield>
    <subfield code="b">CAUCA</subfield>
    <subfield code="d">2017-09-28</subfield>
    <subfield code="e">Material adquirido por donaci&#xF3;n</subfield>
    <subfield code="i">C1269441</subfield>
    <subfield code="l">0</subfield>
    <subfield code="o">621.3192 P977c e3</subfield>
    <subfield code="p">1015241</subfield>
    <subfield code="r">2023-05-01 00:00:00</subfield>
    <subfield code="t">41</subfield>
    <subfield code="w">2023-05-01</subfield>
    <subfield code="y">BOOKI</subfield>
  </datafield>
  <datafield tag="952" ind1=" " ind2=" ">
    <subfield code="0">0</subfield>
    <subfield code="1">0</subfield>
    <subfield code="4">0</subfield>
    <subfield code="7">0</subfield>
    <subfield code="8">GENERAL</subfield>
    <subfield code="a">SCDM</subfield>
    <subfield code="b">SCDM</subfield>
    <subfield code="d">2018-10-09</subfield>
    <subfield code="i">C1297452</subfield>
    <subfield code="l">0</subfield>
    <subfield code="o">621.3192 P977c e4</subfield>
    <subfield code="p">01045294</subfield>
    <subfield code="r">2023-05-01 00:00:00</subfield>
    <subfield code="t">42</subfield>
    <subfield code="w">2023-05-01</subfield>
    <subfield code="y">BOOK</subfield>
  </datafield>
  <datafield tag="952" ind1=" " ind2=" ">
    <subfield code="0">0</subfield>
    <subfield code="1">0</subfield>
    <subfield code="4">0</subfield>
    <subfield code="7">0</subfield>
    <subfield code="8">GENERAL</subfield>
    <subfield code="a">SCDM</subfield>
    <subfield code="b">SCDM</subfield>
    <subfield code="d">2018-10-09</subfield>
    <subfield code="i">C1297455</subfield>
    <subfield code="l">0</subfield>
    <subfield code="o">621.3192 P977c e5</subfield>
    <subfield code="p">01045295</subfield>
    <subfield code="r">2023-05-01 00:00:00</subfield>
    <subfield code="t">43</subfield>
    <subfield code="w">2023-05-01</subfield>
    <subfield code="y">BOOK</subfield>
  </datafield>
  <datafield tag="952" ind1=" " ind2=" ">
    <subfield code="0">0</subfield>
    <subfield code="1">0</subfield>
    <subfield code="4">0</subfield>
    <subfield code="7">0</subfield>
    <subfield code="8">GENERAL</subfield>
    <subfield code="a">SCDM</subfield>
    <subfield code="b">SCDM</subfield>
    <subfield code="d">2018-10-09</subfield>
    <subfield code="i">C1297458</subfield>
    <subfield code="l">0</subfield>
    <subfield code="o">621.3192 P977c e6</subfield>
    <subfield code="p">01045296</subfield>
    <subfield code="r">2023-05-01 00:00:00</subfield>
    <subfield code="t">44</subfield>
    <subfield code="w">2023-05-01</subfield>
    <subfield code="y">BOOK</subfield>
  </datafield>
  <datafield tag="952" ind1=" " ind2=" ">
    <subfield code="0">0</subfield>
    <subfield code="1">0</subfield>
    <subfield code="4">0</subfield>
    <subfield code="7">0</subfield>
    <subfield code="8">GENERAL</subfield>
    <subfield code="a">ANDES</subfield>
    <subfield code="b">ANDES</subfield>
    <subfield code="d">2018-11-16</subfield>
    <subfield code="i">C1300118</subfield>
    <subfield code="l">0</subfield>
    <subfield code="o">621.3192 P977c e6</subfield>
    <subfield code="p">01065976</subfield>
    <subfield code="r">2023-05-01 00:00:00</subfield>
    <subfield code="t">45</subfield>
    <subfield code="w">2023-05-01</subfield>
    <subfield code="y">BOOK</subfield>
  </datafield>
  <datafield tag="952" ind1=" " ind2=" ">
    <subfield code="0">0</subfield>
    <subfield code="1">0</subfield>
    <subfield code="4">0</subfield>
    <subfield code="7">0</subfield>
    <subfield code="8">GENERAL</subfield>
    <subfield code="a">BAPAR</subfield>
    <subfield code="b">BAPAR</subfield>
    <subfield code="d">2019-07-29</subfield>
    <subfield code="e">Material adquirido por donaci&#xF3;n</subfield>
    <subfield code="g">16000.00</subfield>
    <subfield code="i">C1317855</subfield>
    <subfield code="l">0</subfield>
    <subfield code="o">621.3192 P977c</subfield>
    <subfield code="p">01045459</subfield>
    <subfield code="r">2024-12-18 00:00:00</subfield>
    <subfield code="t">46</subfield>
    <subfield code="w">2023-05-01</subfield>
    <subfield code="y">BOOK</subfield>
  </datafield>
</record>
